Correspondance ... / (Record no. 52512)

MARC details
000 -LEADER
campo de control de longitud fija 00698nam a2200217 i 4500
001 - NÚMERO DE CONTROL
campo de control 52512
003 - IDENTIFICADOR DE NÚMERO DE CONTROL
campo de control ES-MaACL
005 - FECHA Y HORA DE LA ÚLTIMA TRANSACCIÓN
campo de control 20230906162609.0
007 - CAMPO FIJO DE DESCRIPCIÓN FÍSICA--INFORMACIÓN GENERAL
campo de control de longitud fija t|
008 - DATOS DE LONGITUD FIJA--INFORMACIÓN GENERAL
campo de control de longitud fija 030829s1934 fr |||| |dfre d
100 1# - ENTRADA PRINCIPAL--NOMBRE DE PERSONA
Nombre de persona Chejov, Anton Pavlovich.
9 (RLIN) 38315
245 10 - MENCIÓN DEL TÍTULO
Título Correspondance ... /
Mención de responsabilidad, etc. Antone Tchékhov ; traduit du russe par Denis Roche.
260 ## - PUBLICACIÓN, DISTRIBUCIÓN, ETC.
Lugar de publicación, distribución, etc. Paris :
Nombre del editor, distribuidor, etc. Plon et Nourrit,
Fecha de publicación, distribución, etc. [1934]
300 ## - DESCRIPCIÓN FÍSICA
Extensión 1 v. ;
Dimensiones 19 cm.
490 1# - MENCIÓN DE SERIE
Mención de serie Collection d'auteurs étrangers ;
Designación de volumen o secuencia 17
600 14 - PUNTO DE ACCESO ADICIONAL DE MATERIA--NOMBRE DE PERSONA
Nombre de persona Chejov, Anton Pavlovich-
Subdivisión de forma Correspondencia.
9 (RLIN) 167599
700 1# - ENTRADA AGREGADA--NOMBRE PERSONAL
Nombre de persona Roche, Denis.
9 (RLIN) 98060
830 0# - PUNTO DE ACCESO ADICIONAL DE SERIE-TÍTULO UNIFORME
Título uniforme Collection d'auteurs étrangers ;
Designación de volumen o secuencia 17
9 (RLIN) 183465
852 ## - LOCALIZACIÓN
Ubicación ES-MaACL
Número de control de estantería P-689
Holdings
Estatus retirado Estado de pérdida Estado de daño No para préstamo Biblioteca de origen Biblioteca actual Ubicación en estantería Fecha de adquisición Fuente de adquisición Total de préstamos Signatura topográfica completa Código de barras Visto por última vez Precio de reemplazo Tipo de ítem Koha
        Biblioteca del Ateneo de Madrid Biblioteca del Ateneo de Madrid Depósito 2 17/01/2008     P-689 1055194 23/02/2023 23/02/2023 Libro impreso